[Event "Titled Tuesday intern op 20th May Late"]
[Site "Chess.com INT"]
[Date "2025.05.20"]
[Round "7"]
[White "Duarte Cramer, Lily Jeanette"]
[Black "Andrade, Ivan"]
[Result "0-1"]
[WhiteElo "1828"]
[BlackElo "2161"]
[PlyCount "84"]
[EventDate "2025.05.20"]
[EventType "swiss (blitz)"]
[EventRounds "11"]
[EventCountry "USA"]
[SourceTitle "CB22_2025"]
[SourceDate "2025.05.28"]
[SourceVersion "1"]
[SourceVersionDate "2025.05.28"]
[SourceQuality "1"]

1. d4 Nf6 2. c4 e6 3. Nc3 Bb4 4. Qc2 d5 5. cxd5 Nxd5 6. e4 Bxc3+ 7. bxc3 Nb6 8. Nf3 0-0 9. Bd3 c5 10. Ba3 N6d7 11. dxc5 e5 12. c6 Nxc6 13. Bxf8 Nxf8 14. 0-0 Ne6 15. Rfd1 Qe7 16. Bc4 Nf4 17. Qb3 Bg4 18. Ng5 Qxg5 19. Qxb7 Rf8 20. h4 Qh6 21. Re1 Na5 22. Qa6 Nxc4 23. Qxc4 Qxh4 24. Re3 Be6 25. Qc7 Qg5 26. g3 h5 27. Qxa7 h4 28. Qa6 Rd8 29. Qf1 Bh3 30. Qe1 Be6 31. Rd1 Rxd1 32. Qxd1 Bc4 33. Kh2 hxg3+ 34. Rxg3 Qh4+ 35. Kg1 Ne2+ 36. Qxe2 Bxe2 37. a4 Qxe4 38. Re3 Qb1+ 39. Kg2 Bf1+ 40. Kg3 Qg6+ 41. Kf3 Qc6+ 42. Kg3 Qxa4 0-1

[Event "Titled Tuesday intern op 20th May Late"]
[Site "Chess.com INT"]
[Date "2025.05.20"]
[Round "1"]
[White "Duarte Cramer, Lily Jeanette"]
[Black "Jovic, Stanoje"]
[Result "1-0"]
[WhiteElo "1828"]
[BlackElo "2096"]
[PlyCount "103"]
[EventDate "2025.05.20"]
[EventType "swiss (blitz)"]
[EventRounds "11"]
[EventCountry "USA"]
[SourceTitle "CB22_2025"]
[SourceDate "2025.05.28"]
[SourceVersion "1"]
[SourceVersionDate "2025.05.28"]
[SourceQuality "1"]

1. d4 Nf6 2. c4 e6 3. Nc3 Bb4 4. Qc2 d5 5. cxd5 exd5 6. Nf3 0-0 7. Bg5 c6 8. e3 Bg4 9. Bd3 h6 10. Bh4 Nbd7 11. h3 Bxf3 12. gxf3 c5 13. a3 Bxc3+ 14. bxc3 cxd4 15. cxd4 Rc8 16. Qe2 Qa5+ 17. Qd2 Qxd2+ 18. Kxd2 Rc6 19. Rac1 Rfc8 20. Rxc6 Rxc6 21. Rg1 Kf8 22. Bf5 Nb6 23. Bd3 Nc4+ 24. Bxc4 dxc4 25. Bxf6 Rxf6 26. f4 Ra6 27. Ra1 b5 28. Kc3 f5 29. a4 bxa4 30. Kxc4 Kf7 31. Kb5 Rb6+ 32. Kc5 Ra6 33. d5 a3 34. Kb4 Ke7 35. f3 a2 36. Kb3 Kd6 37. e4 fxe4 38. fxe4 Rb6+ 39. Kxa2 Rb4 40. Re1 a5 41. Ka3 Rd4 42. e5+ Kd7 43. d6 Rxf4 44. e6+ Ke8 45. Rb1 Rb4 46. Rxb4 axb4+ 47. Kxb4 g5 48. Kc5 h5 49. Kd4 Kf8 50. Ke5 Kg7 51. Kf5 g4 52. d7 1-0

[Event "Titled Tuesday intern op 06th May Early"]
[Site "Chess.com INT"]
[Date "2025.05.06"]
[Round "11"]
[White "Duarte Cramer, Lily Jeanette"]
[Black "Bryant, Todd C"]
[Result "0-1"]
[WhiteElo "1828"]
[BlackElo "2066"]
[PlyCount "52"]
[EventDate "2025.05.06"]
[EventType "swiss (blitz)"]
[EventRounds "11"]
[EventCountry "USA"]
[SourceTitle "CB20_2025"]
[SourceDate "2025.05.14"]
[SourceVersion "1"]
[SourceVersionDate "2025.05.14"]
[SourceQuality "1"]

1. d4 Nf6 2. c4 g6 3. Nc3 Bg7 4. e4 d6 5. Nf3 0-0 6. Be3 c5 7. dxc5 Qa5 8. cxd6 Nxe4 9. dxe7 Re8 10. Bd2 Nxc3 11. bxc3 Bxc3 12. Rc1 Rxe7+ 13. Be2 Bb4 14. Bxb4 Qxb4+ 15. Qd2 Nc6 16. Kd1 Rd7 17. Bd3 Qa4+ 18. Ke2 Nd4+ 19. Nxd4 Rxd4 20. Qe3 Qd7 21. Rhd1 b5 22. cxb5 Bb7 23. Kf1 Re8 24. Bf5 Rxd1+ 25. Rxd1 Qxd1+ 26. Qe1 Qxe1# 0-1

[Event "Titled Tuesday intern op 06th May Early"]
[Site "Chess.com INT"]
[Date "2025.05.06"]
[Round "1"]
[White "Kalyani, Sirin"]
[Black "Duarte Cramer, Lily Jeanette"]
[Result "1-0"]
[WhiteElo "2136"]
[BlackElo "1828"]
[PlyCount "91"]
[EventDate "2025.05.06"]
[EventType "swiss (blitz)"]
[EventRounds "11"]
[EventCountry "USA"]
[SourceTitle "CB20_2025"]
[SourceDate "2025.05.14"]
[SourceVersion "1"]
[SourceVersionDate "2025.05.14"]
[SourceQuality "1"]

1. Nf3 d5 2. g3 g6 3. Bg2 Bg7 4. d4 Nf6 5. 0-0 c5 6. c4 cxd4 7. Nxd4 0-0 8. cxd5 Nxd5 9. e4 Nb6 10. Nb5 Na6 11. N1c3 Bd7 12. Qe2 e6 13. Rd1 Qe7 14. Bf4 e5 15. Be3 Bxb5 16. Qxb5 Nc7 17. Qb3 Ne6 18. Nb5 Rfd8 19. Rac1 Rxd1+ 20. Rxd1 Nd7 21. Bh3 a6 22. Nc7 Ndc5 23. Bxc5 Nxc5 24. Qb6 Rf8 25. Nd5 Qg5 26. Qxc5 Qh5 27. Rc1 Qxh3 28. Ne7+ Kh8 29. Qd5 h6 30. a4 Qg4 31. Qxb7 Qg5 32. Rc3 Qd2 33. Nd5 Qe1+ 34. Kg2 Kh7 35. Ne3 h5 36. h4 Qd2 37. Rc2 Qd4 38. Qd5 Rd8 39. Qxf7 Qxe4+ 40. Qf3 Qxa4 41. Rc7 e4 42. Qf7 Rg8 43. Nd5 Qd1 44. Nf6+ Kh6 45. Nxg8+ Kh7 46. Qxg7# 1-0

[Event "Titled Tuesday intern op 01st Apr Early"]
[Site "Chess.com INT"]
[Date "2025.04.01"]
[Round "7"]
[White "Duarte Cramer, Lily Jeanette"]
[Black "Mikhaylova, Irina"]
[Result "1/2-1/2"]
[WhiteElo "1836"]
[BlackElo "2143"]
[PlyCount "74"]
[EventDate "2025.04.01"]
[EventType "swiss (blitz)"]
[EventRounds "11"]
[EventCountry "USA"]
[SourceTitle "CB15_2025"]
[SourceDate "2025.04.09"]
[SourceVersion "1"]
[SourceVersionDate "2025.04.09"]
[SourceQuality "1"]

1. d4 Nf6 2. c4 g6 3. Nc3 d5 4. Nf3 Bg7 5. h4 h5 6. cxd5 Nxd5 7. e4 Nxc3 8. bxc3 c5 9. Be3 Bg4 10. Bb5+ Nc6 11. 0-0 cxd4 12. cxd4 0-0 13. Bxc6 bxc6 14. Rc1 e6 15. Rxc6 Bxf3 16. gxf3 Qxh4 17. Kg2 Rfc8 18. Qc2 Qd8 19. Rc1 Rxc6 20. Qxc6 Rb8 21. d5 exd5 22. exd5 Be5 23. Bxa7 Qg5+ 24. Kf1 Rb2 25. Qe8+ Kg7 26. Be3 Qf5 27. Rd1 Qxf3 28. Qxe5+ Kh7 29. Qxb2 Qxd1+ 30. Kg2 Qg4+ 31. Kh2 Qh4+ 32. Kg1 Qg4+ 33. Kh1 Qh3+ 34. Kg1 Qg4+ 35. Kf1 Qd1+ 36. Kg2 Qg4+ 37. Kf1 Qd1+ 1/2-1/2

[Event "Titled Tuesday intern op 01st Apr Early"]
[Site "Chess.com INT"]
[Date "2025.04.01"]
[Round "10"]
[White "Fernandes, Rogerio Paulo Mulle"]
[Black "Duarte Cramer, Lily Jeanette"]
[Result "0-1"]
[WhiteElo "2241"]
[BlackElo "1836"]
[PlyCount "86"]
[EventDate "2025.04.01"]
[EventType "swiss (blitz)"]
[EventRounds "11"]
[EventCountry "USA"]
[SourceTitle "CB15_2025"]
[SourceDate "2025.04.09"]
[SourceVersion "1"]
[SourceVersionDate "2025.04.09"]
[SourceQuality "1"]

1. c4 c6 2. g3 d5 3. Bg2 Nf6 4. Nf3 e6 5. 0-0 Bd6 6. Qc2 0-0 7. d4 Nbd7 8. Nbd2 Bc7 9. b3 Nb6 10. Bb2 Nbd7 11. e4 dxe4 12. Nxe4 Nxe4 13. Qxe4 Nf6 14. Qc2 Bd7 15. Rad1 Bb6 16. Rd2 Qc7 17. Rfd1 Rad8 18. a3 c5 19. dxc5 Bxc5 20. Ng5 e5 21. b4 Be7 22. f4 h6 23. fxe5 hxg5 24. exf6 Bxf6 25. Bxf6 gxf6 26. Qd3 Kg7 27. c5 Rfe8 28. Qd6 Qc8 29. Rf2 Re6 30. Qd4 Re5 31. Rfd2 Qc7 32. Bh3 Re7 33. Rf2 Re5 34. Rfd2 Re7 35. Qf2 Bxh3 36. Rxd8 Qe5 37. R8d6 Re6 38. Rxe6 Bxe6 39. Re1 Qc3 40. Qe3 Qb2 41. Re2 Qb1+ 42. Kf2 Qf5+ 43. Qf3 Qh3 0-1

[Event "Titled Tuesday intern op 01st Apr Early"]
[Site "Chess.com INT"]
[Date "2025.04.01"]
[Round "5"]
[White "Obregon Rivero, Juan Carlos"]
[Black "Duarte Cramer, Lily Jeanette"]
[Result "1-0"]
[WhiteElo "2485"]
[BlackElo "1836"]
[PlyCount "61"]
[EventDate "2025.04.01"]
[EventType "swiss (blitz)"]
[EventRounds "11"]
[EventCountry "USA"]
[SourceTitle "CB15_2025"]
[SourceDate "2025.04.09"]
[SourceVersion "1"]
[SourceVersionDate "2025.04.09"]
[SourceQuality "1"]

1. Nf3 d5 2. b3 Bf5 3. Bb2 e6 4. e3 Bd6 5. Bxg7 Nf6 6. Bxh8 Nc6 7. a3 Qe7 8. Bb5 0-0-0 9. Bxf6 Qxf6 10. d4 Qg6 11. Nh4 Qg5 12. Nxf5 exf5 13. g3 h5 14. Bxc6 bxc6 15. Qe2 Re8 16. Nd2 f4 17. gxf4 Bxf4 18. 0-0-0 Bd6 19. Qa6+ Kb8 20. Qxc6 Bxa3+ 21. Kb1 Re6 22. Qa4 Be7 23. Nf3 Qf6 24. Ne5 Qxf2 25. Nc6+ Kb7 26. Nxe7 Rxe7 27. Qb4+ Ka8 28. Qxe7 h4 29. Qxc7 h3 30. Rhg1 Qe2 31. Qc8# 1-0

[Event "Titled Tuesday intern op 25th Mar Early"]
[Site "Chess.com INT"]
[Date "2025.03.25"]
[Round "6"]
[White "Darmanin, Jake"]
[Black "Duarte Cramer, Lily Jeanette"]
[Result "1-0"]
[WhiteElo "2065"]
[BlackElo "1836"]
[PlyCount "105"]
[EventDate "2025.03.25"]
[EventType "swiss (blitz)"]
[EventRounds "11"]
[EventCountry "USA"]
[SourceTitle "CB14_2025"]
[SourceDate "2024.11.01"]
[SourceVersion "1"]
[SourceVersionDate "2024.11.01"]
[SourceQuality "1"]

1. e4 c5 2. Nf3 d6 3. c3 Nf6 4. h3 Nc6 5. Bd3 e5 6. Bc2 Be6 7. 0-0 Be7 8. d4 cxd4 9. cxd4 exd4 10. Nxd4 0-0 11. Nxe6 fxe6 12. Nc3 Re8 13. Bb3 Bf8 14. Bg5 h6 15. Bh4 Qd7 16. Qf3 Ne5 17. Qe2 Nc6 18. Rad1 a6 19. Bxf6 gxf6 20. f4 Qg7 21. f5 Nd8 22. Qh5 Re7 23. Rxd6 Kh8 24. fxe6 Nc6 25. Rd5 Rxe6 26. Rdf5 Re5 27. Nd5 Bc5+ 28. Kh1 Rg8 29. Nf4 Rxf5 30. exf5 Ne5 31. Bxg8 Kxg8 32. Ne6 Qe7 33. Qxh6 Nd3 34. Qg6+ Kh8 35. Nxc5 Nxc5 36. Rf4 Qe1+ 37. Kh2 Qe5 38. Qh5+ Kg8 39. Qg4+ Kf8 40. Qg3 Nd3 41. Rf3 Qxg3+ 42. Kxg3 Nxb2 43. Rb3 Nc4 44. Rxb7 Ne3 45. Kf4 Nxg2+ 46. Ke4 Ne1 47. h4 Nc2 48. h5 Na3 49. h6 Kg8 50. Kf4 Nc4 51. Kg4 Ne5+ 52. Kh5 Kh8 53. a4 1-0

[Event "Titled Tuesday intern op 25th Mar Early"]
[Site "Chess.com INT"]
[Date "2025.03.25"]
[Round "1"]
[White "Duarte Cramer, Lily Jeanette"]
[Black "Barria Zuniga, Daniel"]
[Result "1-0"]
[WhiteElo "1836"]
[BlackElo "2341"]
[PlyCount "125"]
[EventDate "2025.03.25"]
[EventType "swiss (blitz)"]
[EventRounds "11"]
[EventCountry "USA"]
[SourceTitle "CB14_2025"]
[SourceDate "2024.11.01"]
[SourceVersion "1"]
[SourceVersionDate "2024.11.01"]
[SourceQuality "1"]

1. d4 Nf6 2. c4 e6 3. Nc3 Bb4 4. Qc2 0-0 5. a3 Bxc3+ 6. Qxc3 b6 7. Bg5 h6 8. Bh4 c5 9. e3 Bb7 10. Nf3 d6 11. Be2 Nbd7 12. 0-0 Qc7 13. Nd2 Rac8 14. Rac1 Rfe8 15. Bf3 Bxf3 16. Nxf3 Qb7 17. Bg3 d5 18. cxd5 Nxd5 19. Qd3 b5 20. Ne5 c4 21. Qd2 Nxe5 22. Bxe5 Red8 23. Qe2 f6 24. Bg3 a5 25. a4 bxa4 26. Rxc4 Qb5 27. Rfc1 Rxc4 28. Rxc4 Nb6 29. Rc2 Qxe2 30. Rxe2 Rc8 31. h3 Rc1+ 32. Kh2 Nc4 33. Bc7 Kf7 34. e4 Ke7 35. d5 e5 36. f4 Kd7 37. Bb8 Rb1 38. fxe5 fxe5 39. Rf2 Rxb2 40. Rf7+ Ke8 41. Rc7 a3 42. Rxc4 a2 43. Ra4 Rxb8 44. Rxa2 Rb5 45. Kg3 Ke7 46. Kg4 g6 47. Ra4 Kd6 48. h4 Kc5 49. h5 g5 50. Kf5 Kb6 51. Kxe5 Rb2 52. d6 Rd2 53. Ke6 Kb5 54. Ra3 Kb4 55. Ra1 a4 56. d7 a3 57. Ke7 Kb3 58. d8Q Rxd8 59. Kxd8 Kb2 60. Re1 a2 61. e5 a1Q 62. Rxa1 Kxa1 63. e6 1-0

[Event "Titled Tuesday intern op 18th Mar Late"]
[Site "Chess.com INT"]
[Date "2025.03.18"]
[Round "10"]
[White "Duarte Cramer, Lily Jeanette"]
[Black "Einarsson, Halldor Gretar"]
[Result "0-1"]
[WhiteElo "1836"]
[BlackElo "2164"]
[PlyCount "60"]
[EventDate "2025.03.18"]
[EventType "swiss (blitz)"]
[EventRounds "11"]
[EventCountry "USA"]
[SourceTitle "CB13_2025"]
[SourceDate "2025.03.26"]
[SourceVersion "1"]
[SourceVersionDate "2025.03.26"]
[SourceQuality "1"]

1. d4 Nf6 2. c4 g6 3. Nc3 d5 4. Nf3 Bg7 5. h4 c5 6. dxc5 Be6 7. cxd5 Nxd5 8. Nxd5 Bxd5 9. Qc2 Nc6 10. e3 0-0 11. Be2 Rc8 12. 0-0 Qc7 13. Bd2 Ne5 14. Nxe5 Bxe5 15. Rac1 b6 16. f4 Bf6 17. g3 bxc5 18. Bf3 Qb7 19. Bxd5 Qxd5 20. Bc3 Qe6 21. Qf2 Bxc3 22. bxc3 c4 23. Rfe1 Qe4 24. Qg2 Qd3 25. Qb7 e6 26. Qxa7 Ra8 27. Qd4 Rxa2 28. Rcd1 Qc2 29. Qe4 Qh2+ 30. Kf1 Qf2# 0-1

[Event "Titled Tuesday intern op 11th Mar Late"]
[Site "Chess.com INT"]
[Date "2025.03.11"]
[Round "2"]
[White "Duarte Cramer, Lily Jeanette"]
[Black "Di Benedetto, Guillermo"]
[Result "1-0"]
[WhiteElo "1836"]
[BlackElo "2289"]
[PlyCount "63"]
[EventDate "2025.03.11"]
[EventType "swiss (blitz)"]
[EventRounds "11"]
[EventCountry "USA"]
[SourceTitle "CB12_2025"]
[SourceDate "2025.03.19"]
[SourceVersion "1"]
[SourceVersionDate "2025.03.19"]
[SourceQuality "1"]

1. d4 g6 2. Bf4 Bg7 3. Nc3 d5 4. Nf3 c6 5. e3 Bg4 6. Be2 Bxf3 7. Bxf3 Nd7 8. Ne2 e5 9. dxe5 Nxe5 10. Bxe5 Bxe5 11. c3 Ne7 12. Nd4 0-0 13. Qd3 Re8 14. 0-0 Qd6 15. g3 Bg7 16. Bg2 Rad8 17. Rad1 a6 18. Rfe1 f5 19. Ne2 Kh8 20. Nc1 Qe6 21. Nb3 Qc8 22. Nc5 Ng8 23. Qf1 Nf6 24. Rd2 Ne4 25. Bxe4 fxe4 26. Red1 Rf8 27. Nb3 Rd7 28. Re2 Rdf7 29. Rdd2 Qg4 30. Qg2 Rf3 31. h3 R3f7 32. hxg4 1-0

[Event "Titled Tuesday intern op 11th Mar Early"]
[Site "Chess.com INT"]
[Date "2025.03.11"]
[Round "10"]
[White "Duarte Cramer, Lily Jeanette"]
[Black "Koutsogiannopoulou, Theodora"]
[Result "1-0"]
[WhiteElo "1836"]
[BlackElo "1851"]
[PlyCount "139"]
[EventDate "2025.03.11"]
[EventType "swiss (blitz)"]
[EventRounds "11"]
[EventCountry "USA"]
[SourceTitle "CB12_2025"]
[SourceDate "2025.03.19"]
[SourceVersion "1"]
[SourceVersionDate "2025.03.19"]
[SourceQuality "1"]

1. d4 Nf6 2. c4 e6 3. Nc3 Bb4 4. Qc2 d5 5. a3 Bxc3+ 6. bxc3 0-0 7. cxd5 exd5 8. e3 Bg4 9. Be2 Qd7 10. Nf3 Bf5 11. Bd3 Ne4 12. Nd2 Re8 13. Nxe4 Bxe4 14. Bxe4 Rxe4 15. 0-0 Nc6 16. f3 Re6 17. e4 Rae8 18. e5 Rg6 19. Bf4 Nd8 20. Rab1 b5 21. Qe2 a6 22. Bg3 h5 23. f4 Qf5 24. Rbd1 Nc6 25. Qd3 Ne7 26. Qf3 Rg4 27. h3 Rg6 28. Bh4 c6 29. Bxe7 Rxe7 30. a4 h4 31. axb5 axb5 32. Qd3 Qh5 33. f5 Rg3 34. Qc2 f6 35. e6 g6 36. fxg6 Rxe6 37. Rde1 Rxe1 38. Rxe1 Qxg6 39. Qxg6+ Rxg6 40. Re6 Rg3 41. Rxc6 Kg7 42. Rc5 Kg6 43. Rxb5 Rxc3 44. Rxd5 Rc2 45. Rd8 Rd2 46. d5 Kf5 47. d6 Ke6 48. Rh8 Rd4 49. Re8+ Kxd6 50. Kf2 Kd7 51. Re3 Rd2+ 52. Kf3 Kd6 53. Re8 Kd7 54. Rh8 Ke6 55. Rxh4 Kf5 56. Rf4+ Kg5 57. Ra4 Rd3+ 58. Kf2 Rb3 59. Kg1 f5 60. Kh2 Rc3 61. Ra5 Rb3 62. Re5 Rc3 63. Rd5 Rb3 64. Rd4 Rc3 65. h4+ Kh5 66. g3 Rb3 67. Kh3 Rc3 68. Rf4 Kg6 69. Rd4 Rb3 70. Rd6+ 1-0

[Event "Titled Tuesday intern op 11th Mar Early"]
[Site "Chess.com INT"]
[Date "2025.03.11"]
[Round "8"]
[White "King Rodriguez, Os Misael"]
[Black "Duarte Cramer, Lily Jeanette"]
[Result "0-1"]
[WhiteElo "2045"]
[BlackElo "1836"]
[PlyCount "104"]
[EventDate "2025.03.11"]
[EventType "swiss (blitz)"]
[EventRounds "11"]
[EventCountry "USA"]
[SourceTitle "CB12_2025"]
[SourceDate "2025.03.19"]
[SourceVersion "1"]
[SourceVersionDate "2025.03.19"]
[SourceQuality "1"]

1. e4 c5 2. Nc3 d6 3. Bb5+ Bd7 4. Bxd7+ Qxd7 5. d3 Nf6 6. f4 g6 7. Nf3 Bg7 8. 0-0 0-0 9. Qe1 Nc6 10. h3 e6 11. Qh4 Nd4 12. Nxd4 cxd4 13. Ne2 Ne8 14. f5 exf5 15. exf5 Rc8 16. f6 Nxf6 17. Rxf6 Bxf6 18. Qxf6 Qe6 19. Qxe6 fxe6 20. c3 dxc3 21. bxc3 d5 22. Bh6 Rfe8 23. Rb1 b6 24. Rf1 e5 25. Rc1 d4 26. cxd4 Rxc1+ 27. Bxc1 exd4 28. Kf2 Rc8 29. a3 Rc2 30. Ke1 Rc5 31. Kd1 Rd5 32. Bb2 Rb5 33. Bxd4 Rb3 34. Kd2 Rxa3 35. Bc3 a5 36. d4 b5 37. d5 b4 38. Bd4 Ra2+ 39. Kd3 a4 40. Nf4 b3 41. d6 Kf7 42. Bb6 Ke8 43. Nd5 Kd7 44. Bc7 Rxg2 45. Nb6+ Kc6 46. Nxa4 Rg3+ 47. Kd2 Rxh3 48. Nb6 Rh2+ 49. Kc1 b2+ 50. Kb1 Rd2 51. Nc4 Rd4 52. Nxb2 g5 0-1

[Event "Titled Tuesday intern op 04th Mar Early"]
[Site "Chess.com INT"]
[Date "2025.03.04"]
[Round "5"]
[White "Duarte Cramer, Lily Jeanette"]
[Black "Chua, Alexander J"]
[Result "0-1"]
[WhiteElo "1836"]
[BlackElo "2308"]
[PlyCount "80"]
[EventDate "2025.03.04"]
[EventType "swiss (blitz)"]
[EventRounds "11"]
[EventCountry "USA"]
[SourceTitle "CB11_2025"]
[SourceDate "2025.03.12"]
[SourceVersion "1"]
[SourceVersionDate "2025.03.12"]
[SourceQuality "1"]

1. d4 a6 2. c4 b5 3. cxb5 axb5 4. e4 b4 5. Bd2 c5 6. dxc5 Nc6 7. Bb5 Qa5 8. Bxc6 dxc6 9. Be3 e6 10. Qc1 Ba6 11. Ne2 Nf6 12. f3 Nd7 13. Nd2 Qb5 14. Nd4 Qd3 15. N2b3 Nxc5 16. Qd2 Rd8 17. Qxd3 Nxd3+ 18. Kf1 c5 19. Ne2 Nxb2 20. Nxc5 Bxc5 21. Bxc5 Rd2 22. Re1 Nd3 23. Bxb4 Nxb4 24. Rb1 Rxe2 25. Kg1 Nd3 26. h3 0-0 27. Kh2 Nf4 28. Rhg1 Rc8 29. Kg3 g5 30. Rb6 Bd3 31. h4 h6 32. hxg5 hxg5 33. Kg4 f6 34. a4 Rc7 35. Rb8+ Kg7 36. a5 Nxg2 37. Kg3 Nf4 38. Rb6 Rcc2 39. a6 Rg2+ 40. Rxg2 Rxg2# 0-1

[Event "Titled Tuesday intern op 04th Mar Early"]
[Site "Chess.com INT"]
[Date "2025.03.04"]
[Round "9"]
[White "Duarte Cramer, Lily Jeanette"]
[Black "Fabris, Alberto"]
[Result "0-1"]
[WhiteElo "1836"]
[BlackElo "2230"]
[PlyCount "74"]
[EventDate "2025.03.04"]
[EventType "swiss (blitz)"]
[EventRounds "11"]
[EventCountry "USA"]
[SourceTitle "CB11_2025"]
[SourceDate "2025.03.12"]
[SourceVersion "1"]
[SourceVersionDate "2025.03.12"]
[SourceQuality "1"]

1. d4 Nf6 2. Bf4 e6 3. e3 b6 4. Nd2 Bb7 5. Ngf3 Be7 6. Bd3 d5 7. c3 0-0 8. Qc2 Nbd7 9. 0-0 c5 10. Qd1 Nh5 11. Be5 Nxe5 12. Nxe5 Nf6 13. Qf3 g6 14. Qh3 Bd6 15. Ng4 Nxg4 16. Qxg4 f5 17. Qh3 Qf6 18. f4 a5 19. Rf3 Ba6 20. Bc2 b5 21. Rg3 Kg7 22. Nf3 b4 23. Ng5 Rh8 24. Nf3 bxc3 25. bxc3 Rab8 26. Nh4 Be2 27. Bd1 Bd3 28. Bh5 Kf7 29. Bf3 Be4 30. Bxe4 dxe4 31. dxc5 Bxc5 32. Rd1 Rhd8 33. Rxd8 Rxd8 34. Rg5 Qxc3 35. Nf3 Qxe3+ 36. Kh1 Rd1+ 37. Ne1 Qxe1# 0-1

[Event "Titled Tuesday intern op 04th Mar Early"]
[Site "Chess.com INT"]
[Date "2025.03.04"]
[Round "8"]
[White "Duarte Cramer, Lily Jeanette"]
[Black "Souza, Gustavo Horokoski"]
[Result "0-1"]
[WhiteElo "1836"]
[BlackElo "1947"]
[PlyCount "56"]
[EventDate "2025.03.04"]
[EventType "swiss (blitz)"]
[EventRounds "11"]
[EventCountry "USA"]
[SourceTitle "CB11_2025"]
[SourceDate "2025.03.12"]
[SourceVersion "1"]
[SourceVersionDate "2025.03.12"]
[SourceQuality "1"]

1. d4 Nf6 2. c4 c5 3. d5 e6 4. Nc3 exd5 5. cxd5 d6 6. e4 g6 7. Bd3 Bg7 8. Nf3 0-0 9. 0-0 Bg4 10. Be3 Nbd7 11. h3 Bxf3 12. Qxf3 a6 13. Qe2 b5 14. a3 Re8 15. f3 Ne5 16. Bc2 Nh5 17. Bf2 f5 18. Rfd1 Qg5 19. Be3 f4 20. Bf2 Rab8 21. Rf1 Rf8 22. Be1 Nc4 23. Bd3 Ne3 24. Rf2 Bd4 25. Nd1 Nxg2 26. Kh2 Qg3+ 27. Kh1 Qxh3+ 28. Kg1 Ng3 0-1

[Event "Titled Tuesday intern op 04th Mar Early"]
[Site "Chess.com INT"]
[Date "2025.03.04"]
[Round "11"]
[White "Hernandez Bermudez, Ulises Eduardo"]
[Black "Duarte Cramer, Lily Jeanette"]
[Result "0-1"]
[WhiteElo "2042"]
[BlackElo "1836"]
[PlyCount "94"]
[EventDate "2025.03.04"]
[EventType "swiss (blitz)"]
[EventRounds "11"]
[EventCountry "USA"]
[SourceTitle "CB11_2025"]
[SourceDate "2025.03.12"]
[SourceVersion "1"]
[SourceVersionDate "2025.03.12"]
[SourceQuality "1"]

1. d4 d5 2. c4 c6 3. Nc3 Nf6 4. Nf3 e6 5. Bg5 Be7 6. e3 0-0 7. cxd5 exd5 8. Bd3 Be6 9. Qc2 h6 10. h4 Ng4 11. Bxe7 Qxe7 12. Bh7+ Kh8 13. Bd3 Nf6 14. 0-0-0 b5 15. Ne5 Nfd7 16. Ne2 Nxe5 17. dxe5 Nd7 18. Nd4 Nxe5 19. f4 Nxd3+ 20. Qxd3 a5 21. Kb1 Rac8 22. f5 Bd7 23. g4 Rfd8 24. Nf3 Be8 25. g5 Qe4 26. gxh6 Qxd3+ 27. Rxd3 gxh6 28. f6 Bd7 29. Ne5 Bf5 30. Nxf7+ Kh7 31. Kc2 Bxd3+ 32. Kxd3 Rf8 33. Nd6 Rcd8 34. Nb7 Ra8 35. Rf1 Kg6 36. Nd6 Rxf6 37. h5+ Kg7 38. Rg1+ Kh7 39. Nb7 Ra7 40. Nc5 Re7 41. a4 Rf3 42. Rg6 Rfxe3+ 43. Kd4 R7e4+ 44. Nxe4 Rxe4+ 45. Kd3 Rxa4 46. Rxc6 Rb4 47. Kc3 Rc4+ 0-1

[Event "Titled Tuesday intern op 25th Feb Early"]
[Site "Chess.com INT"]
[Date "2025.02.25"]
[Round "11"]
[White "Duarte Cramer, Lily Jeanette"]
[Black "Bowden, Karl"]
[Result "0-1"]
[WhiteElo "1836"]
[BlackElo "2348"]
[PlyCount "94"]
[EventDate "2025.02.25"]
[EventType "swiss (blitz)"]
[EventRounds "11"]
[EventCountry "USA"]
[SourceTitle "CB10_2025"]
[SourceDate "2025.03.05"]
[SourceVersion "1"]
[SourceVersionDate "2025.03.05"]
[SourceQuality "1"]

1. d4 Nf6 2. c4 c5 3. d5 Ne4 4. f3 Qa5+ 5. Bd2 Nxd2 6. Qxd2 Qxd2+ 7. Nxd2 g6 8. e4 Bg7 9. Rb1 d6 10. Bd3 Nd7 11. Ne2 Ne5 12. Bc2 0-0 13. h4 b5 14. b3 bxc4 15. bxc4 Ba6 16. Bb3 Bh6 17. f4 Nd3+ 18. Kf1 Nxf4 19. Nxf4 Bxf4 20. Nf3 Rab8 21. Kf2 Rb4 22. g3 Bh6 23. a3 Rb6 24. g4 Rfb8 25. Ba2 Rxb1 26. Bxb1 Bxc4 27. g5 Bg7 28. h5 Rb2+ 29. Kg3 gxh5 30. Kf4 Be2 31. Nh4 Rb3 32. e5 Bxe5+ 33. Ke4 Rxa3 34. Bc2 Rc3 35. Bb1 Bg4 36. Rf1 a5 37. Nf5 Bxf5+ 38. Kxf5 a4 39. Be4 a3 40. Rb1 Kg7 41. Rb7 h4 42. Rxe7 h3 43. Kg4 h2 44. g6 hxg6 45. Bxg6 Kxg6 46. Re8 Rg3+ 47. Kh4 h1Q# 0-1

[Event "Titled Tuesday intern op 25th Feb Early"]
[Site "Chess.com INT"]
[Date "2025.02.25"]
[Round "6"]
[White "Duarte Cramer, Lily Jeanette"]
[Black "Fabris, Alberto"]
[Result "1-0"]
[WhiteElo "1836"]
[BlackElo "2230"]
[PlyCount "197"]
[EventDate "2025.02.25"]
[EventType "swiss (blitz)"]
[EventRounds "11"]
[EventCountry "USA"]
[SourceTitle "CB10_2025"]
[SourceDate "2025.03.05"]
[SourceVersion "1"]
[SourceVersionDate "2025.03.05"]
[SourceQuality "1"]

1. d4 Nf6 2. c4 e6 3. Nc3 Bb4 4. Qc2 0-0 5. Nf3 b6 6. a3 Bxc3+ 7. Qxc3 Bb7 8. g3 Ne4 9. Qc2 f5 10. Bg2 d6 11. 0-0 Qe8 12. Nd2 d5 13. cxd5 exd5 14. Nf3 c6 15. Ne5 Qe6 16. Bf4 Nd7 17. Nxd7 Qxd7 18. Bxe4 fxe4 19. e3 Rac8 20. b4 Qh3 21. Qe2 Rf5 22. f3 exf3 23. Rxf3 Rcf8 24. Raf1 Bc8 25. Qg2 Qg4 26. h3 Qg6 27. g4 R5f7 28. Be5 Ba6 29. Rxf7 Rxf7 30. Rxf7 Qxf7 31. Qf2 Qxf2+ 32. Kxf2 Bd3 33. Bb8 a5 34. bxa5 bxa5 35. Kg3 Kf7 36. Kf4 Ke6 37. h4 a4 38. Ba7 Be4 39. Bc5 Bd3 40. Bf8 Kf7 41. Bb4 Ke6 42. Kg5 Bc2 43. h5 Bd3 44. h6 g6 45. Kf4 Bc2 46. Kg3 Bd3 47. Ba5 Bc2 48. Bd8 Bd3 49. Kf2 Bc2 50. Ke2 Be4 51. Kd2 Bf3 52. g5 Kf5 53. Bf6 Ke4 54. Be5 Bg2 55. Bf4 Bf1 56. Kc3 Bb5 57. Kb4 Kf5 58. Kc5 Ke6 59. Kb6 Kd7 60. Kb7 Kd8 61. Ka7 Kd7 62. Kb6 Bd3 63. Ka5 Bc2 64. Kb4 Bd1 65. Kc5 Bb3 66. Kb4 Bc2 67. Kc3 Bb3 68. Kd3 Bc4+ 69. Kc3 Bb3 70. Kd3 Bc4+ 71. Kd2 Ke6 72. Kc3 Bb3 73. Kb4 Kd7 74. Be5 Bc2 75. Bf6 Bb3 76. Kc5 Bc2 77. Kb4 Bb3 78. Kc3 Bc4 79. e4 Ke6 80. exd5+ Kxd5 81. Kb4 Bb5 82. Be5 Ke6 83. Bg7 Kd5 84. Be5 Ke6 85. Kc5 Kd7 86. d5 Bd3 87. dxc6+ Kc8 88. Kb6 Be4 89. Bd4 Bf3 90. Be5 Be4 91. c7 Bf3 92. Kb5 Bd1 93. Kc6 Bg4 94. Kd6 Bf5 95. Ke7 Be4 96. Kf7 Kd7 97. Kg7 Bf5 98. Kxh7 Ke7 99. Kg7 1-0